শয়তান / (Record no. 382)
[ view plain ]
| 000 -LEADER | |
|---|---|
| fixed length control field | 00781nam a2200253 a 4500 |
| 001 - CONTROL NUMBER | |
| JCCL Control Number | 382 |
| 003 - CONTROL NUMBER IDENTIFIER | |
| JCCL marc code | BD-JhCC |
| 005 - DATE AND TIME OF LATEST TRANSACTION | |
| control field | 20180421171928.0 |
| 008 - FIXED-LENGTH DATA ELEMENTS--GENERAL INFORMATION | |
| fixed length control field | 171004s1986 bg |||| ||a| 000 0 ben d |
| 020 ## - INTERNATIONAL STANDARD BOOK NUMBER | |
| International Standard Book Number | 9844102812 |
| 035 ## - SYSTEM CONTROL NUMBER | |
| system control number | (BD-JhCC)382 |
| 040 ## - CATALOGING SOURCE | |
| Original cataloging agency | BD-JhCC |
| Modifying agency | BD-JhCC |
| 041 ## - LANGUAGE CODE | |
| Language code of Book | ben |
| 082 ## - DEWEY DECIMAL CLASSIFICATION NUMBER | |
| Classification number | 891.4435 |
| Author mark and Year | GIB 1986 |
| DDC Edition number | 23 |
| 100 ## - MAIN ENTRY--PERSONAL NAME | |
| Personal name | জিবরান, খলিল |
| 245 ## - TITLE STATEMENT | |
| Title | শয়তান / |
| Statement of responsibility, etc | খলিল জিবরান, বেলাল মোহাম্মদ (অনু.) |
| 260 ## - PUBLICATION, DISTRIBUTION, ETC. (IMPRINT) | |
| Place of publication, distribution, etc | ঢাকা : |
| Name of publisher, distributor, etc | মাওলা ব্রাদার্স, |
| Date of publication, distribution, etc | 1996. |
| 300 ## - PHYSICAL DESCRIPTION | |
| Pagination | 48 p. : |
| Dimensions | 22 cm. |
| 650 ## - SUBJECT ADDED ENTRY--TOPICAL TERM | |
| Topical term or geographic name as entry element | Short Stories, Bengali |
| 651 ## - SUBJECT ADDED ENTRY--GEOGRAPHIC NAME | |
| Geographic name | Bangladesh |
| 700 ## - ADDED ENTRY--PERSONAL NAME | |
| Personal name | মোহাম্মদ, বেলাল |
| 942 ## - ADDED ENTRY ELEMENTS (KOHA) | |
| Source of classification or shelving scheme | Dewey Decimal Classification |
| Koha item type | Books |
| Source of classification or shelving scheme | Damaged status | Not for loan | Home library | Current library | Shelving location | Date of accession | Source of acquisition | Cost, normal purchase price | Total Checkouts | Full call number | Barcode | Date last seen | Date checked out | Copy number | Koha item type |
|---|---|---|---|---|---|---|---|---|---|---|---|---|---|---|---|
| Dewey Decimal Classification | JCC Rouf Library | JCC Rouf Library | General Stacks | 10/04/2017 | Zahedee Foundation | 50.00 | 1 | 891.4435 GIB 1986 | 1536 | 12/22/2022 | 11/17/2022 | C-1 | Books | ||
| Dewey Decimal Classification | JCC Rouf Library | JCC Rouf Library | General Stacks | 11/07/2017 | 20.00 | 891.4435 GIB 1986 | 4493 | 11/07/2017 | C-2 | Books | |||||
| Dewey Decimal Classification | JCC Rouf Library | JCC Rouf Library | General Stacks | 04/21/2018 | 50.00 | 1 | 891.4435 GIB 1986 | 13479 | 04/29/2024 | 04/22/2024 | C-3 | Books |